[Event "IBCA-ol blind 14th"]
[Site "Chennai"]
[Date "2012.08.12"]
[Round "3.3"]
[White "Smirnov, Sergei"]
[Black "Enjuto Velasco, Roberto"]
[Result "1/2-1/2"]
[WhiteElo "2333"]
[BlackElo "2132"]
[PlyCount "63"]
[EventDate "2012.08.10"]
[EventType "team-swiss"]
[EventRounds "9"]
[EventCountry "IND"]
[SourceTitle "CBM 149 Extra"]
[Source "ChessBase"]
[SourceDate "2012.08.24"]
[SourceVersion "1"]
[SourceVersionDate "2012.08.24"]
[SourceQuality "1"]
[WhiteTeam "Russia"]
[BlackTeam "Spain"]
[WhiteTeamCountry "RUS"]
[BlackTeamCountry "ESP"]

1. d4 Nf6 2. c4 g6 3. Nf3 Bg7 4. g3 0-0 5. Bg2 d5 6. cxd5 Nxd5 7. 0-0 Nb6 8. Nc3 Nc6 9. e3 e5 10. d5 e4 11. dxc6 Qxd1 12. Rxd1 exf3 13. Bxf3 bxc6 14. Rb1 Be6 15. Bxc6 Rad8 16. Bd2 Nc4 17. Be1 Rxd1 18. Nxd1 Ne5 19. Be4 f5 20. Bg2 Bxa2 21. Ra1 Bb3 22. Ba5 Rd8 23. Nc3 Rd2 24. Bxc7 Nd3 25. Bd5+ Bxd5 26. Nxd5 Nxf2 27. Nf4 Ng4 28. Rxa7 Nxe3 29. Ba5 Rxb2 30. Ra8+ Kf7 31. Ra7+ Kg8 32. Ra8+ 1/2-1/2

[Event "IBCA EU-ch blind 05th"]
[Site "Rhodes"]
[Date "2011.09.09"]
[Round "4"]
[White "Smirnov, Sergei"]
[Black "Fernandez Manrique, Agustin"]
[Result "1/2-1/2"]
[WhiteElo "2326"]
[BlackElo "2155"]
[PlyCount "57"]
[EventDate "2011.09.06"]
[EventType "swiss"]
[EventRounds "9"]
[EventCountry "GRE"]
[SourceTitle "CBM 144 Extra"]
[Source "ChessBase"]
[SourceDate "2011.10.28"]
[SourceVersion "1"]
[SourceVersionDate "2011.10.28"]
[SourceQuality "1"]

1. d4 Nf6 2. Nf3 g6 3. c4 Bg7 4. g3 0-0 5. Bg2 d6 6. 0-0 Nbd7 7. Nc3 e5 8. e4 c6 9. Re1 exd4 10. Nxd4 Ng4 11. f4 a6 12. h3 Qb6 13. Nce2 Ngf6 14. Kh2 Re8 15. Nc3 Qxd4 16. Qxd4 Ng4+ 17. hxg4 Bxd4 18. Rd1 Bxc3 19. bxc3 Nc5 20. Rxd6 Bxg4 21. e5 Rad8 22. Rxd8 Rxd8 23. Ba3 Na4 24. Rb1 b5 25. Bd6 Nxc3 26. Rb3 Ne2 27. c5 Nd4 28. Rd3 Ne6 29. Rd2 1/2-1/2

[Event "IBCA Wch blind 12th"]
[Site "Belgrade"]
[Date "2010.09.03"]
[Round "8.6"]
[White "Smirnov, Sergei"]
[Black "Markov, Ziva"]
[Result "1-0"]
[WhiteElo "2309"]
[BlackElo "2193"]
[PlyCount "63"]
[EventDate "2010.08.26"]
[EventType "swiss"]
[EventRounds "9"]
[EventCountry "SRB"]
[SourceTitle "EXT 2011"]
[Source "ChessBase"]
[SourceDate "2010.11.26"]
[SourceVersion "1"]
[SourceVersionDate "2010.11.26"]
[SourceQuality "1"]

1. Nf3 d5 2. c4 c6 3. d4 Nf6 4. Nc3 e6 5. Bg5 dxc4 6. e4 b5 7. e5 h6 8. Bh4 g5 9. Nxg5 hxg5 10. Bxg5 Nbd7 11. exf6 Bb7 12. g3 c5 13. d5 Qb6 14. Bg2 0-0-0 15. 0-0 b4 16. Rb1 Qa6 17. dxe6 Qxe6 18. Bxb7+ Kxb7 19. Qf3+ Qc6 20. Qxc6+ Kxc6 21. Ne4 Ne5 22. Kg2 Bh6 23. h4 Bxg5 24. Nxg5 Rd7 25. Rfe1 Nd3 26. Re4 Rh6 27. Rxc4 Rxf6 28. Rc2 Kb5 29. b3 a5 30. Kg1 Re6 31. Rd1 c4 32. bxc4+ 1-0

[Event "IBCA Wch blind 12th"]
[Site "Belgrade"]
[Date "2010.09.02"]
[Round "7.1"]
[White "Meshkov, Yuri A"]
[Black "Smirnov, Sergei"]
[Result "1-0"]
[WhiteElo "2398"]
[BlackElo "2309"]
[PlyCount "75"]
[EventDate "2010.08.26"]
[EventType "swiss"]
[EventRounds "9"]
[EventCountry "SRB"]
[SourceTitle "EXT 2011"]
[Source "ChessBase"]
[SourceDate "2010.11.26"]
[SourceVersion "1"]
[SourceVersionDate "2010.11.26"]
[SourceQuality "1"]

1. e4 c5 2. Nf3 g6 3. c3 Bg7 4. d4 cxd4 5. cxd4 d5 6. e5 Bg4 7. Qb3 Qd7 8. Nbd2 Nc6 9. h3 Bxf3 10. Nxf3 e6 11. Bb5 Nge7 12. Bg5 0-0 13. Rc1 Rfc8 14. 0-0 a6 15. Bd3 Bf8 16. g4 Na5 17. Qd1 Rxc1 18. Bxc1 Nec6 19. h4 Nb4 20. Bb1 Qb5 21. b3 Rc8 22. h5 Rc7 23. Kg2 Nbc6 24. Rh1 Qb4 25. Be3 Qe7 26. Ng5 f6 27. Nf3 gxh5 28. Rxh5 fxe5 29. Bxh7+ Kf7 30. dxe5 Qb4 31. Ng5+ Ke7 32. Nxe6 Kxe6 33. Bf5+ Kxe5 34. Bc8+ Kf6 35. Qf3+ Ke7 36. Rh7+ Kd8 37. Bb6 Qxb6 38. Qxf8# 1-0

[Event "IBCA Wch blind 12th"]
[Site "Belgrade"]
[Date "2010.08.30"]
[Round "5.4"]
[White "Grigorchuk, Sergey"]
[Black "Smirnov, Sergei"]
[Result "0-1"]
[WhiteElo "2246"]
[BlackElo "2309"]
[PlyCount "132"]
[EventDate "2010.08.26"]
[EventType "swiss"]
[EventRounds "9"]
[EventCountry "SRB"]
[SourceTitle "EXT 2011"]
[Source "ChessBase"]
[SourceDate "2010.11.26"]
[SourceVersion "1"]
[SourceVersionDate "2010.11.26"]
[SourceQuality "1"]

1. d4 Nf6 2. c4 e6 3. Nc3 Bb4 4. e3 Nc6 5. Nge2 d5 6. a3 Be7 7. cxd5 exd5 8. g3 0-0 9. Bg2 Na5 10. 0-0 c6 11. e4 dxe4 12. Nxe4 Be6 13. Bf4 Bb3 14. Qd2 Bd5 15. Nxf6+ Bxf6 16. Rad1 Nc4 17. Qc1 Bxg2 18. Kxg2 Qd5+ 19. Kg1 Rfe8 20. Nc3 Qf5 21. d5 Bxc3 22. dxc6 Bxb2 23. Qxc4 bxc6 24. Qxc6 Bxa3 25. Rd5 Qe6 26. Qxe6 fxe6 27. Ra5 Bb4 28. Ra6 Bc5 29. Re1 Kf7 30. Be3 Bxe3 31. Rxe3 Re7 32. Rd3 Rb7 33. Kg2 Ke7 34. h4 Kf7 35. Rf3+ Ke7 36. Rfa3 Rd7 37. Ra2 Kf7 38. R2a3 Re7 39. h5 Ke8 40. Ra2 Kd8 41. Rd2+ Kc7 42. Rc2+ Kb7 43. Ra1 Rd8 44. Rb2+ Ka8 45. Ra6 Rde8 46. Kf3 Rb7 47. Rd2 Rb3+ 48. Ke4 Rb4+ 49. Ke3 Re7 50. f4 Rb3+ 51. Rd3 Rxd3+ 52. Kxd3 Kb7 53. Rd6 Kc7 54. Ra6 Kd8 55. Ke4 Ke8 56. Ke5 Kf7 57. g4 Rb7 58. g5 Re7 59. Ra5 Rc7 60. Ra6 Rd7 61. Ra4 Rd5+ 62. Ke4 a5 63. Rc4 Rd7 64. Ra4 Ra7 65. Kd4 Ke7 66. Ke5 Ra8 0-1

[Event "IBCA Wch blind 12th"]
[Site "Belgrade"]
[Date "2010.08.28"]
[Round "3.5"]
[White "Clemente Llamero, Roberto"]
[Black "Smirnov, Sergei"]
[Result "0-1"]
[WhiteElo "2151"]
[BlackElo "2309"]
[PlyCount "50"]
[EventDate "2010.08.26"]
[EventType "swiss"]
[EventRounds "9"]
[EventCountry "SRB"]
[SourceTitle "EXT 2011"]
[Source "ChessBase"]
[SourceDate "2010.11.26"]
[SourceVersion "1"]
[SourceVersionDate "2010.11.26"]
[SourceQuality "1"]

1. e4 c5 2. Nf3 g6 3. Nc3 Bg7 4. d4 cxd4 5. Nxd4 Nc6 6. Be3 Nf6 7. Bc4 0-0 8. Bb3 a5 9. 0-0 a4 10. Nxa4 Nxe4 11. c3 d6 12. Nb5 Ra6 13. f3 Nf6 14. Qe2 Bd7 15. c4 Na5 16. Bc2 d5 17. b3 dxc4 18. bxc4 Be6 19. Bd3 Nxc4 20. Bxc4 Rxa4 21. Bxe6 fxe6 22. Rac1 Nd5 23. Rfd1 Qa5 24. Bg5 Qb6+ 25. Kh1 h6 0-1

[Event "IBCA-ol blind 13th"]
[Site "Heraklion"]
[Date "2008.10.25"]
[Round "6.4"]
[White "Suder, Ryszard"]
[Black "Smirnov, Sergei"]
[Result "1/2-1/2"]
[WhiteElo "2174"]
[BlackElo "2301"]
[PlyCount "115"]
[EventDate "2008.10.19"]
[EventType "team-swiss"]
[EventRounds "9"]
[EventCountry "GRE"]
[SourceTitle "EXT 2010"]
[Source "ChessBase"]
[SourceDate "2010.11.25"]
[SourceVersion "1"]
[SourceVersionDate "2010.11.25"]
[SourceQuality "1"]
[WhiteTeam "Poland (blind)"]
[BlackTeam "Russia (blind)"]
[WhiteTeamCountry "POL"]
[BlackTeamCountry "RUS"]

1. e4 c5 2. Nf3 d6 3. Bb5+ Bd7 4. Bxd7+ Qxd7 5. 0-0 Nc6 6. c4 g6 7. d4 cxd4 8. Nxd4 Bg7 9. Be3 Nf6 10. f3 0-0 11. Nc3 Rfc8 12. Qd2 Nxd4 13. Bxd4 Rxc4 14. Qd3 Rcc8 15. Qe3 b5 16. Rad1 b4 17. Nd5 Nxd5 18. exd5 a5 19. Rf2 Rc4 20. Bxg7 Kxg7 21. b3 Rc3 22. Qd4+ Kg8 23. h4 Qa7 24. Qxa7 Rxa7 25. Re2 Rac7 26. Kf2 Rc2 27. Rdd2 Rxd2 28. Rxd2 Rc3 29. Re2 Kf8 30. Rd2 h5 31. Kg3 Kg7 32. Kf4 Kf6 33. Ke4 Rc1 34. Kf4 Rh1 35. g3 Re1 36. g4 hxg4 37. fxg4 g5+ 38. hxg5+ Kg6 39. Rf2 Re5 40. Rd2 Rxg5 41. Re2 Re5 42. Rd2 Kf6 43. Kg3 Kg5 44. Kf3 Re1 45. Rc2 Rf1+ 46. Ke2 Rg1 47. Rc7 Rxg4 48. Rxe7 Kf6 49. Ra7 Rg2+ 50. Kd3 Rxa2 51. Kc4 Rc2+ 52. Kb5 Rc5+ 53. Ka4 Ke5 54. Rxf7 Kxd5 55. Rf5+ Kd4 56. Rd5+ Kc3 57. Rxd6 Kb2 58. Rd5 1/2-1/2

[Event "IBCA EU-ch blind 04th"]
[Site "Durham"]
[Date "2007.08.14"]
[Round "1.7"]
[White "Smirnov, Sergei"]
[Black "Hilton, Stephen H"]
[Result "1-0"]
[WhiteElo "2201"]
[BlackElo "1992"]
[PlyCount "49"]
[EventDate "2007.08.14"]
[EventType "swiss"]
[EventRounds "9"]
[EventCountry "ENG"]
[SourceTitle "EXT 2008"]
[Source "ChessBase"]
[SourceDate "2007.11.25"]
[SourceVersion "1"]
[SourceVersionDate "2007.11.25"]
[SourceQuality "1"]

1. Nf3 Nf6 2. c4 g6 3. g3 Bg7 4. Bg2 0-0 5. d4 d6 6. 0-0 Nc6 7. Nc3 a6 8. h3 Rb8 9. Be3 b5 10. Nd2 Bd7 11. Rc1 b4 12. Nce4 Nxe4 13. Nxe4 h6 14. d5 Na5 15. b3 Qc8 16. Kh2 c5 17. dxc6 Bxc6 18. Ba7 Rb7 19. Bd4 f5 20. Bxg7 Kxg7 21. Nd2 e5 22. Nf3 Qe6 23. Qd2 Rd7 24. Qxb4 Nb7 25. Nd4 1-0

[Event "IBCA Wch blind 11th"]
[Site "Goa"]
[Date "2006.10.16"]
[Round "7"]
[White "Wassin, Sergej"]
[Black "Smirnov, Sergei"]
[Result "1/2-1/2"]
[WhiteElo "2299"]
[BlackElo "2288"]
[PlyCount "80"]
[EventDate "2006.10.09"]
[EventType "swiss"]
[EventRounds "9"]
[EventCountry "IND"]
[SourceTitle "CBM 114 Extra"]
[Source "ChessBase"]
[SourceDate "2006.11.03"]
[SourceVersion "1"]
[SourceVersionDate "2006.11.03"]
[SourceQuality "1"]

1. d4 Nf6 2. c4 c5 3. d5 g6 4. Nc3 Bg7 5. e4 d6 6. Nf3 0-0 7. h3 e6 8. Bd3 exd5 9. cxd5 a6 10. a4 Nbd7 11. 0-0 Re8 12. Re1 Qe7 13. Bg5 Qf8 14. Qd2 Nh5 15. Rab1 Ne5 16. Be2 Nxf3+ 17. Bxf3 Nf6 18. b4 cxb4 19. Rxb4 Nd7 20. a5 Nc5 21. Na4 Nxa4 22. Rxa4 Bd7 23. Rb4 Bb5 24. Be2 Rec8 25. Rb3 Bxe2 26. Qxe2 Rc5 27. Bd2 Qe7 28. Qd3 Rac8 29. Reb1 R8c7 30. Rb6 h5 31. g3 Bc3 32. Bf4 Rd7 33. Be3 Rcc7 34. Bd4 Bxd4 35. Qxd4 Rc5 36. Qb4 Rdc7 37. Re1 Rd7 38. e5 Rxd5 39. exd6 Qf6 40. Rxb7 Rxb7 1/2-1/2

[Event "St Petersburg White Nights op"]
[Site "St Petersburg"]
[Date "2006.06.28"]
[Round "6"]
[White "Prelovskij, Rudolf"]
[Black "Smirnov, Sergei"]
[Result "0-1"]
[WhiteElo "2184"]
[BlackElo "2283"]
[PlyCount "58"]
[EventDate "2006.06.23"]
[EventType "swiss"]
[EventRounds "9"]
[EventCountry "RUS"]
[SourceTitle "CBM 112 Extra"]
[Source "ChessBase"]
[SourceDate "2006.07.14"]
[SourceVersion "1"]
[SourceVersionDate "2006.07.14"]
[SourceQuality "1"]

1. Nf3 c5 2. c4 Nc6 3. g3 g6 4. Nc3 Bg7 5. Bg2 e6 6. e3 Nge7 7. 0-0 Nf5 8. a3 a5 9. Nb5 0-0 10. d4 Qb6 11. d5 exd5 12. Qxd5 d6 13. Qd3 Be6 14. Nd2 Ne5 15. Qc2 Nxc4 16. Nc3 Nxd2 17. Bxd2 Ne7 18. Rab1 d5 19. Na4 Qc6 20. Qxc5 Qxa4 21. Qxe7 Bf5 22. b3 Qb5 23. Rbc1 Qxb3 24. Rc5 Qxa3 25. Bxd5 b6 26. Bxa8 Qxc5 27. Qa7 Qc2 28. e4 Bh3 29. Be3 Qe2 0-1

[Event "St Petersburg White Nights op"]
[Site "St Petersburg"]
[Date "2005.06.21"]
[Round "4"]
[White "Smirnov, Sergei"]
[Black "Anisimov, Pavel"]
[Result "0-1"]
[WhiteElo "2278"]
[BlackElo "2476"]
[PlyCount "70"]
[EventDate "2005.06.18"]
[EventType "swiss"]
[EventRounds "9"]
[EventCountry "RUS"]
[SourceTitle "CBM 106 Extra"]
[Source "ChessBase"]
[SourceDate "2005.07.01"]
[SourceVersion "1"]
[SourceVersionDate "2005.07.01"]
[SourceQuality "1"]

1. Nf3 Nf6 2. c4 e6 3. g3 d5 4. Bg2 dxc4 5. Qc2 Nbd7 6. 0-0 a6 7. a4 Rb8 8. Na3 Bxa3 9. bxa3 b6 10. Qxc4 Bb7 11. Bb2 0-0 12. d3 Rc8 13. Rfc1 Qe7 14. Ne5 Nxe5 15. Bxe5 Bxg2 16. Kxg2 Nd7 17. Bb2 a5 18. Qb5 e5 19. Rc6 Nc5 20. Bc3 Rfd8 21. Bxa5 Ra8 22. Bb4 Qd7 23. Bxc5 Ra5 24. Be3 Rxb5 25. axb5 Qd5+ 26. Kg1 Qxb5 27. Rxc7 Qb2 28. Rac1 h6 29. Rc8 Rxc8 30. Rxc8+ Kh7 31. Rc7 b5 32. Bc5 Qxe2 33. Rxf7 Qd1+ 34. Kg2 Qxd3 35. Rc7 Qd8 0-1

[Event "St Petersburg White Nights op"]
[Site "St Petersburg"]
[Date "2005.06.20"]
[Round "3"]
[White "Praslov, Andrey"]
[Black "Smirnov, Sergei"]
[Result "1/2-1/2"]
[WhiteElo "2395"]
[BlackElo "2278"]
[PlyCount "41"]
[EventDate "2005.06.18"]
[EventType "swiss"]
[EventRounds "9"]
[EventCountry "RUS"]
[SourceTitle "CBM 106 Extra"]
[Source "ChessBase"]
[SourceDate "2005.07.01"]
[SourceVersion "1"]
[SourceVersionDate "2005.07.01"]
[SourceQuality "1"]

1. d4 Nf6 2. c4 c5 3. e3 g6 4. Nc3 Bg7 5. dxc5 Na6 6. Nf3 Nxc5 7. Be2 0-0 8. 0-0 d6 9. Nd4 a6 10. b4 Nce4 11. Nxe4 Nxe4 12. Bb2 a5 13. Qc2 Nf6 14. a3 Bd7 15. Bc3 Qc7 16. bxa5 e5 17. Nf3 Bf5 18. Qa2 Ne4 19. Bb4 Nc5 20. Rfd1 Rfd8 21. Rd2 1/2-1/2

[Event "IBCA-ol blind 12th"]
[Site "La Pineda"]
[Date "2004.11.06"]
[Round "4.3"]
[White "Konev, Viktor Dmitrievich"]
[Black "Smirnov, Sergei"]
[Result "0-1"]
[WhiteElo "2106"]
[BlackElo "2262"]
[PlyCount "102"]
[EventDate "2004.11.03"]
[EventType "team-swiss"]
[EventRounds "9"]
[EventCountry "ESP"]
[SourceTitle "EXT 2010"]
[Source "ChessBase"]
[SourceDate "2010.11.25"]
[SourceVersion "1"]
[SourceVersionDate "2010.11.25"]
[SourceQuality "1"]
[WhiteTeam "Ukraine (blind)"]
[BlackTeam "Russia (blind)"]
[WhiteTeamCountry "UKR"]
[BlackTeamCountry "RUS"]

1. e4 c5 2. Nf3 Nc6 3. d4 cxd4 4. Nxd4 Nf6 5. Nc3 d6 6. f4 g6 7. Nf3 Bg7 8. Bd3 0-0 9. 0-0 a6 10. Qe1 b5 11. a3 Bb7 12. Kh1 Rc8 13. Bd2 Nd7 14. Qh4 e6 15. Qh3 Nc5 16. Rac1 b4 17. Nd1 bxa3 18. bxa3 Nd4 19. Nf2 f5 20. Nxd4 Bxd4 21. Be3 Bf6 22. Rb1 Rf7 23. Bxc5 Rxc5 24. Qe3 Qc8 25. Rb6 Rc6 26. Rfb1 Rxb6 27. Qxb6 Rd7 28. Qb3 Rc7 29. exf5 gxf5 30. Bxf5 d5 31. Ng4 Bg7 32. Bd3 Rf7 33. Qb6 Rxf4 34. Qxb7 Qxb7 35. Rxb7 Rxg4 36. Rb6 e5 37. Bf5 Rf4 38. Be6+ Kf8 39. g3 Rd4 40. Rxa6 e4 41. Ra5 Rd1+ 42. Kg2 Rd2+ 43. Kf1 d4 44. Bd5 e3 45. Ra7 Be5 46. Rf7+ Ke8 47. Rf5 Bd6 48. Be4 Rxh2 49. Rf3 Bxa3 50. c3 Bc5 51. cxd4 e2+ 0-1

[Event "IBCA EU-ch blind 03rd"]
[Site "Mondariz"]
[Date "2003.09.03"]
[Round "6"]
[White "Smirnov, Sergei"]
[Black "Kuvsinov, Anatolij"]
[Result "1-0"]
[WhiteElo "2282"]
[BlackElo "2022"]
[PlyCount "126"]
[EventDate "2003.08.27"]
[EventType "swiss"]
[EventRounds "9"]
[EventCountry "ESP"]
[SourceTitle "EXT 2004"]
[Source "ChessBase"]
[SourceDate "2003.11.25"]
[SourceVersion "1"]
[SourceVersionDate "2003.11.25"]
[SourceQuality "1"]

1. Nf3 d6 2. d4 Nf6 3. c4 Nbd7 4. Nc3 e5 5. e4 Be7 6. Be2 0-0 7. 0-0 c6 8. Re1 Re8 9. Bf1 Qc7 10. Rb1 a6 11. b4 b5 12. a4 exd4 13. Nxd4 bxc4 14. Bxc4 Nb6 15. Bf1 c5 16. bxc5 Qxc5 17. Bb2 Nc4 18. Ba1 Bg4 19. Nb3 Qa7 20. Qd3 Ne5 21. Qd2 Be6 22. Nd5 Nxd5 23. exd5 Bf5 24. Rbc1 h6 25. Na5 Bg5 26. Qc3 Bxc1 27. Rxc1 f6 28. Nc6 Qc7 29. Qd2 Nxc6 30. dxc6 Be6 31. a5 d5 32. Bd4 Reb8 33. Qe3 Bf5 34. Bb6 Qe5 35. Qc5 Re8 36. c7 Kh7 37. h3 h5 38. Rd1 d4 39. Qxd4 Qxd4 40. Bxd4 Re7 41. Bb6 Rd7 42. Rc1 Rd2 43. g3 Kg6 44. Kh2 Kh7 45. Rc5 Rxf2+ 46. Kg1 Rxf1+ 47. Kxf1 Bxh3+ 48. Kf2 Kg6 49. Ke3 Re8+ 50. Kd4 Bc8 51. Rd5 f5 52. Rd8 Kf7 53. Kd3 g5 54. Be3 h4 55. gxh4 f4 56. Bf2 g4 57. Rxe8 Kxe8 58. Ke4 g3 59. Bb6 Kf7 60. Kxf4 g2 61. Ke5 Bg4 62. Kd6 Kg6 63. Ke7 Kh5 1-0

[Event "IBCA EU-ch blind 03rd"]
[Site "Mondariz"]
[Date "2003.09.01"]
[Round "5"]
[White "Mlacnik, Franc"]
[Black "Smirnov, Sergei"]
[Result "1/2-1/2"]
[WhiteElo "2087"]
[BlackElo "2282"]
[PlyCount "122"]
[EventDate "2003.08.27"]
[EventType "swiss"]
[EventRounds "9"]
[EventCountry "ESP"]
[SourceTitle "EXT 2004"]
[Source "ChessBase"]
[SourceDate "2003.11.25"]
[SourceVersion "1"]
[SourceVersionDate "2003.11.25"]
[SourceQuality "1"]

1. e4 c5 2. g3 g6 3. Bg2 Bg7 4. Nc3 Nc6 5. d3 d6 6. Be3 Rb8 7. Qd2 b5 8. Nge2 Nd4 9. 0-0 h5 10. Nd1 h4 11. c3 Nxe2+ 12. Qxe2 Nf6 13. d4 cxd4 14. Bxd4 a6 15. e5 dxe5 16. Bxe5 Rb6 17. Ne3 Re6 18. Rad1 Qb6 19. Bd4 Qb8 20. Qd2 0-0 21. Nd5 hxg3 22. hxg3 Bb7 23. Nxf6+ Bxf6 24. Bxb7 Qxb7 25. Bxf6 Rxf6 26. Qd7 Qxd7 27. Rxd7 Re6 28. Rfd1 f5 29. Kf1 Kf7 30. Re1 Rc8 31. Ra7 Rcc6 32. Rxe6 Kxe6 33. Ke2 g5 34. Ke3 Kf6 35. f4 Re6+ 36. Kf3 gxf4 37. gxf4 Rd6 38. Ke3 Rc6 39. Ra8 Ke6 40. Kd4 Rd6+ 41. Ke3 Kf7 42. Ra7 Rh6 43. Kd4 Re6 44. Kd3 Kg6 45. Ra8 Kg7 46. b3 Kf7 47. c4 bxc4+ 48. bxc4 Re4 49. Rxa6 Rxf4 50. c5 e5 51. c6 Ke7 52. c7 Kd7 53. Rc6 Kc8 54. Rc5 e4+ 55. Kd4 Rf3 56. a4 Rd3+ 57. Kc4 f4 58. Re5 Kxc7 59. Rxe4 Ra3 60. Kc5 f3 61. Rf4 Kd7 1/2-1/2

[Event "IBCA Wch blind 10th"]
[Site "Istanbul"]
[Date "2002.11.26"]
[Round "7"]
[White "Trkaljanov, Vladimir"]
[Black "Smirnov, Sergei"]
[Result "1-0"]
[WhiteElo "2215"]
[BlackElo "2305"]
[PlyCount "59"]
[EventDate "2002.11.20"]
[EventType "swiss"]
[EventRounds "9"]
[EventCountry "TUR"]
[SourceTitle "EXT 2004"]
[Source "ChessBase"]
[SourceDate "2003.11.25"]
[SourceVersion "1"]
[SourceVersionDate "2003.11.25"]
[SourceQuality "1"]

1. e4 c5 2. Nf3 d6 3. d4 cxd4 4. Nxd4 Nf6 5. Nc3 Nc6 6. Bc4 e6 7. Be3 Be7 8. Qe2 0-0 9. 0-0-0 Bd7 10. Bb3 Na5 11. g4 Nxb3+ 12. axb3 Qa5 13. g5 Ne8 14. Kb1 Nc7 15. Rhg1 b5 16. Rg3 b4 17. Na4 Rfc8 18. Qh5 g6 19. Qh6 Bf8 20. Qh4 Bxa4 21. bxa4 Qxa4 22. Rh3 Bg7 23. Qxh7+ Kf8 24. Rf3 Qe8 25. Qxg6 Kg8 26. Qh5 d5 27. e5 f5 28. g6 Nb5 29. Qh7+ Kf8 30. Nxf5 1-0

[Event "IBCA Wch blind 10th"]
[Site "Istanbul"]
[Date "2002.11.20"]
[Round "1"]
[White "Altinok, Selim Eyup"]
[Black "Smirnov, Sergei"]
[Result "0-1"]
[WhiteElo "1800"]
[BlackElo "2305"]
[PlyCount "68"]
[EventDate "2002.11.20"]
[EventType "swiss"]
[EventRounds "9"]
[EventCountry "TUR"]
[SourceTitle "EXT 2004"]
[Source "ChessBase"]
[SourceDate "2003.11.25"]
[SourceVersion "1"]
[SourceVersionDate "2003.11.25"]
[SourceQuality "1"]

1. d4 Nf6 2. Nf3 c5 3. d5 g6 4. c4 Bg7 5. Nc3 d6 6. e4 0-0 7. Be2 e6 8. 0-0 Re8 9. Re1 Na6 10. Bg5 h6 11. Bf4 exd5 12. exd5 Ne4 13. Nxe4 Rxe4 14. Qd2 g5 15. Bg3 f5 16. h3 Qf6 17. Rab1 Bd7 18. Bd3 Rxe1+ 19. Nxe1 Nb4 20. a3 Nxd3 21. Nxd3 f4 22. Bh2 Qd4 23. b3 b5 24. Qc2 Bf5 25. Rd1 bxc4 26. bxc4 Re8 27. Kf1 Re4 28. Rb1 Re3 29. Rb8+ Kh7 30. fxe3 Bxd3+ 31. Qxd3+ Qxd3+ 32. Kf2 Qxe3+ 33. Kf1 f3 34. gxf3 Qxf3+ 0-1

[Event "Linares blind"]
[Site "Linares"]
[Date "2002.03.02"]
[Round "7"]
[White "Pribeanu, Mihai Dacian"]
[Black "Smirnov, Sergei"]
[Result "0-1"]
[WhiteElo "2121"]
[BlackElo "2286"]
[PlyCount "78"]
[EventDate "2002.02.22"]
[EventType "tourn"]
[EventRounds "9"]
[EventCountry "ESP"]
[SourceTitle "CBM 086 Extra"]
[Source "ChessBase"]
[SourceDate "2002.03.14"]
[SourceVersion "1"]
[SourceVersionDate "2002.03.14"]
[SourceQuality "1"]

1. e4 c5 2. d3 Nc6 3. g3 e6 4. Bg2 Nf6 5. Nf3 d5 6. Nbd2 b6 7. 0-0 Bb7 8. Re1 Qc7 9. c3 Be7 10. a3 a5 11. e5 Nd7 12. d4 h6 13. b3 b5 14. Bb2 0-0 15. Bf1 b4 16. cxb4 axb4 17. a4 Qb6 18. Bb5 Ba6 19. Bxc6 Qxc6 20. dxc5 Nxc5 21. Nd4 Qb6 22. N2f3 Ne4 23. Qc1 Rfc8 24. Qe3 Bc5 25. Rec1 Rc7 26. Nd2 Rac8 27. Rd1 Nc3 28. N2f3 Be2 29. Bxc3 Bxf3 30. Qxf3 bxc3 31. Qxc3 Bxd4 32. Qxd4 Qxb3 33. a5 Rc4 34. Qd2 Rc2 35. Qd4 R8c4 36. Qa7 Ra4 37. Qa8+ Kh7 38. Qf8 Qf3 39. Qg8+ Kxg8 0-1